University Home | Library Home | Institutional Repository

Photo journalism : (Record no. 188910)

MARC details
000 -LEADER
fixed length control field 00545cam2a220020500 4500
001 - CONTROL NUMBER
control field tmp15951094
003 - CONTROL NUMBER IDENTIFIER
control field UPRA
005 - DATE AND TIME OF LATEST TRANSACTION
control field 20190830111042.0
008 - FIXED-LENGTH DATA ELEMENTS--GENERAL INFORMATION
fixed length control field 951115s1991 xx eng u
035 ## - SYSTEM CONTROL NUMBER
System control number (Sirsi) r27064
035 ## - SYSTEM CONTROL NUMBER
System control number (UPRA)tmp15951094
040 ## - CATALOGING SOURCE
Transcribing agency UPRA
100 1# - MAIN ENTRY--PERSONAL NAME
Personal name Kobre, K.
Linkage A90996.1
245 10 - TITLE STATEMENT
Title Photo journalism :
Remainder of title the professional's approach.
250 ## - EDITION STATEMENT
Edition statement 2nd ed.
260 ## - PUBLICATION, DISTRIBUTION, ETC.
Date of publication, distribution, etc. 1991.
949 ## - LOCAL PROCESSING INFORMATION (OCLC)
a TR820
w lcc
i -28203
m MAIN
t BOOK
l ON-SHELF
949 ## - LOCAL PROCESSING INFORMATION (OCLC)
a TR820
w lcc
i -28204
m MAIN
t BOOK
l ON-SHELF

No items available.

© 2026 - The University of Zambia Library - Koha v25.11